Normal view
MARC view
- Fisk, Dorothy
Entry Personal Name
001 - CONTROL NUMBER
- control field: 113680
003 - CONTROL NUMBER IDENTIFIER
- control field: NUST
005 - DATE AND TIME OF LATEST TRANSACTION
- control field: 20230717103630.0
008 - FIXED-LENGTH DATA ELEMENTS
- fixed length control field: 230717|| aca||aabn | a|a d
040 ## - CATALOGING SOURCE
- Original cataloging agency: NUST
- Transcribing agency: NUST
100 ## - HEADING--PERSONAL NAME
- Personal name: Fisk, Dorothy
670 ## - SOURCE DATA FOUND
- Source citation: Work cat.: (NUST)183771: Fisk, Dorothy, Weather in the making /, 1940
